000 00522pam a2200181 a 4500
005 20250901165355.0
008 910521s1991 maua 000 0aeng
010 _a 91021773
020 _a0316734403 :
_c$19.95 ($24.95 Canada)
050 0 0 _aPN4874.R28 .R38 1991
_bA3 1991
082 0 0 _a070.492
_aB
_220
100 1 _aRather, Dan.
245 1 0 _aI remember /
_cby Dan Rather with Peter Wyden.
250 _a1st ed.
260 _aBoston :
_bLittle, Brown,
_cc1991.
300 _ax, 261 p. :
_bill. ;
_c22 cm.
942 _2ddc
999 _c2936
_d2936